00797nam a2200205 4500001000700000003000900007005001700016007000300033008004100036100003500077245013500112260004000247300002000287490003700307700004200344830004200386852002200428999001900450952012200469123167ES-MaACL20250811080714.0t|070214s1971 sp r ||||0| spa d1 aQueneudec, Jean Pierre.99451513aLa contaminación del mar ante el Derecho Internacional / cJean Pierre Queneudec ; traducción de Alberto Herrero de la Fuente. aValladolid : bUniversidad, c1971. a92 p ; c21 cm.1 aCuaderno `cátedra J. B. Scott`1 aHerrero de la Fuente, Alberto.96330400aCuaderno cátedra J.B. Scott9218907 aES-MaACLjC-46826 c123167d123167 00104070aATENEOMbATENEOMcDEPO2d2008-01-17eSCl0oC-46826p1128339r2023-02-23 00:00:00w2023-02-23yMONOGRAFIA